<?xml version="1.0" encoding="UTF-8"?><?xml-stylesheet type="text/xsl" href="static/style.xsl"?><OAI-PMH xmlns="http://www.openarchives.org/OAI/2.0/" xmlns:xsi="http://www.w3.org/2001/XMLSchema-instance" xsi:schemaLocation="http://www.openarchives.org/OAI/2.0/ http://www.openarchives.org/OAI/2.0/OAI-PMH.xsd"><responseDate>2026-04-13T02:46:37Z</responseDate><request verb="GetRecord" identifier="oai:www.recercat.cat:2117/343831" metadataPrefix="marc">https://recercat.cat/oai/request</request><GetRecord><record><header><identifier>oai:recercat.cat:2117/343831</identifier><datestamp>2026-01-27T02:28:24Z</datestamp><setSpec>com_2072_1033</setSpec><setSpec>col_2072_452950</setSpec></header><metadata><record xmlns="http://www.loc.gov/MARC21/slim" xmlns:dcterms="http://purl.org/dc/terms/" xmlns:xsi="http://www.w3.org/2001/XMLSchema-instance" xmlns:doc="http://www.lyncode.com/xoai" xsi:schemaLocation="http://www.loc.gov/MARC21/slim http://www.loc.gov/standards/marcxml/schema/MARC21slim.xsd">
   <leader>00925njm 22002777a 4500</leader>
   <datafield ind2=" " ind1=" " tag="042">
      <subfield code="a">dc</subfield>
   </datafield>
   <datafield ind2=" " ind1=" " tag="720">
      <subfield code="a">Ball, Simeon Michael</subfield>
      <subfield code="e">author</subfield>
   </datafield>
   <datafield ind2=" " ind1=" " tag="720">
      <subfield code="a">Pepe, Valentina</subfield>
      <subfield code="e">author</subfield>
   </datafield>
   <datafield ind2=" " ind1=" " tag="260">
      <subfield code="c">2020-10-01</subfield>
   </datafield>
   <datafield ind2=" " ind1=" " tag="520">
      <subfield code="a">Let U be a ( k-1 2   - 1)-dimensional subspace of quadratic forms defined on F k with the property that U does not contain any reducible quadratic form. Let V (U) be the points of PG(k - 1, F) which are zeros of all quadratic forms in U. We will prove that if there is a group G which fixes U and no line of PG(k - 1, F) and V (U) spans PG(k - 1, F) then any hyperplane of PG(k - 1, F) is incident with at most k points of V (U). If F is a finite field then the linear code generated by the matrix whose columns are the points of V (U) is a k-dimensional linear code of length |V (U)| and minimum distance at least |V (U)| - k. A linear code with these parameters is an MDS code or an almost MDS code. We will construct examples of such subspaces U and groups G, which include the normal rational curve, the elliptic curve, Glynn’s arc from [8] and other examples found by computer search. We conjecture that the projection of V (U) from any k - 4 points is contained in the intersection of two quadrics, the common zeros of two linearly independent quadratic forms. This would be a strengthening of a classical theorem of Fano, which itself is an extension of a theorem of Castelnuovo, for which we include a proof using only linear algebra.</subfield>
   </datafield>
   <datafield ind2=" " ind1=" " tag="520">
      <subfield code="a">Postprint (author's final draft)</subfield>
   </datafield>
   <datafield tag="653" ind2=" " ind1=" ">
      <subfield code="a">Àrees temàtiques de la UPC::Matemàtiques i estadística::Matemàtica discreta</subfield>
   </datafield>
   <datafield tag="653" ind2=" " ind1=" ">
      <subfield code="a">Discrete mathematics</subfield>
   </datafield>
   <datafield tag="653" ind2=" " ind1=" ">
      <subfield code="a">Computer science -- Mathematics</subfield>
   </datafield>
   <datafield tag="653" ind2=" " ind1=" ">
      <subfield code="a">Arcs</subfield>
   </datafield>
   <datafield tag="653" ind2=" " ind1=" ">
      <subfield code="a">Tracks</subfield>
   </datafield>
   <datafield tag="653" ind2=" " ind1=" ">
      <subfield code="a">MDS codes</subfield>
   </datafield>
   <datafield tag="653" ind2=" " ind1=" ">
      <subfield code="a">AMDS codes</subfield>
   </datafield>
   <datafield tag="653" ind2=" " ind1=" ">
      <subfield code="a">Informàtica -- Matemàtica</subfield>
   </datafield>
   <datafield ind2="0" ind1="0" tag="245">
      <subfield code="a">On varieties defined by large sets of quadrics and their application to error-correcting codes</subfield>
   </datafield>
</record></metadata></record></GetRecord></OAI-PMH>